000
00253nam a2200097Ia 4500
082
_a
EF SPRU
245
0
_a
Treating obesity
100
_a
SONNEBORN, Liz New York, 2009 1st ed
_9
81695
942
_c
BK
008
210817s9999 xx 000 0 und d
999
_c
292325
_d
292324